000 00638nam a2200181Ia 4500
003 GCL
008 140319s9999 xx 000 0 ara d
040 _aGCL /
_cGCL
082 0 4 _aق
_b962.064
_bا ع
100 1 _aاحمد عبدالمجيد
245 1 0 _aعبدالناصر وعلاقاته الخفية /
_cاحمد عبدالمجيد
260 _a[S.N] :
_bالزهراء للاعلام العربى ،
_c1994
490 _aالهيئة العامة للاستعلامات
_v0
650 0 4 _aالسد العالى
650 0 4 _aجمال عبدالناصر
650 0 4 _aمصر - الاحوال السياسية
942 _2ddc
_cBK
999 _c51458
_d51458